Sổ tay nhiệt luyện

محفوظ في:
التفاصيل البيبلوغرافية
المؤلف الرئيسي: I V Firger
التنسيق: كتاب
اللغة:Undetermined
منشور في: Hà Nội KHKT 1971
الموضوعات:
الوسوم: إضافة وسم
لا توجد وسوم, كن أول من يضع وسما على هذه التسجيلة!
Thư viện lưu trữ: Trung tâm Học liệu Trường Đại học Cần Thơ
LEADER 00508nam a2200169Ia 4500
001 CTU_45962
008 210402s9999 xx 000 0 und d
082 |a 671.30202 
082 |b F478 
100 |a I V Firger 
245 0 |a Sổ tay nhiệt luyện 
245 0 |c I V Firger, S A Filinov; Dịch giả: Đặng Lê Toàn 
260 |a Hà Nội 
260 |b KHKT 
260 |c 1971 
650 |a metallurgy,metals at high temperatures 
980 |a Trung tâm Học liệu Trường Đại học Cần Thơ